সংরক্ষণ করুন:
| প্রধান লেখক: | |
|---|---|
| বিন্যাস: | গ্রন্থ |
| ভাষা: | Undetermined |
| প্রকাশিত: |
428.2
T528
|
| বিষয়গুলি: | |
| ট্যাগগুলো: |
ট্যাগ যুক্ত করুন
কোনো ট্যাগ নেই, প্রথমজন হিসাবে ট্যাগ করুন!
|
| Thư viện lưu trữ: | Trung tâm Học liệu Trường Đại học Cần Thơ |
|---|
| LEADER | 00361nam a2200121Ia 4500 | ||
|---|---|---|---|
| 001 | CTU_434 | ||
| 008 | 210402s9999 xx 000 0 und d | ||
| 100 | |a Nguyễn Thị Tuyết | ||
| 260 | |a 428.2 | ||
| 260 | |b T528 | ||
| 650 | |a Sách học tiếng Anh C | ||
| 904 | |j M004091,M004092,M004091,M004092 | ||
| 980 | |a Trung tâm Học liệu Trường Đại học Cần Thơ | ||